书目信息 |
| 题名: |
实用西班牙语会话
|
|
| 作者: | 陈泉 主编 | |
| 分册: | ||
| 出版信息: | 上海 上海外语教育出版社 2004.10 |
|
| 页数: | 273页 | |
| 开本: | 21cm | |
| 丛书名: | 外教社外语会话全球通系列 | |
| 单 册: | ||
| 中图分类: | H349.9 | |
| 科图分类: | ||
| 主题词: | 口语--kou yu , 西班牙语--xi ban ya yu--口语 | |
| 电子资源: | ||
| ISBN: | 7-81095-287-0 | |
| 000 | 01108nam0 2200325 450 | |
| 000 | 01135nam0 2200325 450 | |
| 000 | 01098nam0 2200313 450 | |
| 000 | 01081nam0 2200313 450 | |
| 000 | 01044nam 2200301 450 | |
| 001 | CAL 012006083366 | |
| 005 | 20061027163045.70 | |
| 010 | @a7-81095-287-0@dCNY13.00 | |
| 099 | @aCAL 012006083366 | |
| 100 | @a20060825d2004 em y0chiy0120 ea | |
| 101 | 0 | @achi@aspa |
| 102 | @aCN@b310000 | |
| 105 | @ay z 000yy | |
| 200 | 1 | @a实用西班牙语会话@Ashi yong xi ban ya yu hui hua@f陈泉主编 |
| 210 | @a上海@c上海外语教育出版社@d2004.10 | |
| 215 | @a273页@d21cm | |
| 225 | 2 | @a外教社外语会话全球通系列@Awai jiao she wai yu hui hua quan qiu tong xi lie |
| 330 | @a本书从西班牙语音基本入手, 针对问候、请求帮助、乘火车与飞机、购物、就医、打电话等场合编制了实用的西语会话。 | |
| 410 | 0 | @12001 @a外教社外语会话全球通系列 |
| 510 | 1 | @aConversacion Practica en Espanol@zspa |
| 606 | 0 | @a口语@Akou yu |
| 606 | 0 | @a西班牙语@Axi ban ya yu@x口语 |
| 690 | @aH349.9@v4 | |
| 701 | 0 | @a陈泉@Achen quan@4主编 |
| 801 | 0 | @aCN@c20061027 |
| 905 | @a10447@dH349.9@eC535 | |
| 实用西班牙语会话/陈泉主编.-上海:上海外语教育出版社,2004.10 |
| 273页;21cm.-(外教社外语会话全球通系列) |
| ISBN 7-81095-287-0:CNY13.00 |
| 本书从西班牙语音基本入手, 针对问候、请求帮助、乘火车与飞机、购物、就医、打电话等场合编制了实用的西语会话。 |
| ● |
| 相关链接 |
|
|
|
正题名:实用西班牙语会话
索取号:H349.9/C535
 
预约/预借
| 序号 | 登录号 | 条形码 | 馆藏地/架位号 | 状态 | 备注 |
| 1 | 631980 | 206319802 | 语言库209/209语言库 121排1列1层/ [索取号:H349.9/C535] | 在馆 | |
| 2 | 631981 | 206319811 | 语言库209/209语言库 121排1列1层/ [索取号:H349.9/C535] | 在馆 | |
| 3 | 631982 | 206319820 | 语言库209/209语言库 121排1列1层/ [索取号:H349.9/C535] | 在馆 |